Voyages en Egypte de l'antiquité au début du XXe siècle /

محفوظ في:

مؤلف مشترك: Geneva (Switzerland). Musée d'art et d'histoire.

التنسيق: كتاب

اللغة: French

منشور في: Neuchâtel : Genève : Baconnière ; Musée d'art et d'histoire, 2003.

الموضوعات:

الوسوم: إضافة وسم

لا توجد وسوم, كن أول من يضع وسما على هذه التسجيلة!

رقم الطلب: DT49.98 .V693 2003

LEADER 00920nam a2200217Ia 4500
003 OSt
005 20260324143756.0
008 211223s2003 sz a c 000 0 fre c
020 |a 2830602129 
040 |c ARCE Library 
050 4 |a DT49.98 .V693 2003 
245 0 0 |a Voyages en Egypte de l'antiquité au début du XXe siècle /   |c Musée d'art et d'histoire de Genève. 
264 1 |a Neuchâtel :   |b Baconnière ;   |a Genève :   |b Musée d'art et d'histoire,   |c 2003. 
300 |a 346 p. :   |b ill. (some col.) ;   |c 28 cm. 
500 |a "Ce catalogue a été édité à l'occasion de l'exposition ... présentée au Musée d'art et d'histoire de Genève du 16 avril au 31 août 2003"--T.p. verso. 
651 0 |a Egypt   |x Description and travel   |v Exhibitions. 
651 0 |a Egypt   |x Antiquities   |v Exhibitions. 
710 1 |a Geneva (Switzerland).   |b Musée d'art et d'histoire. 
901 |a reviewed 
942 |2 lcc  |c BK 
999 |c 41346  |d 41346